Statistics for Disney Characters beginning with D

Click here to take the quiz!

General Stats

  • This quiz has been taken 6 times
  • The average score is 5 of 60

Answer Stats

Answer% Correct
Dumbo
80%
Daisy Duck
60%
Doc
60%
Donald Duck
60%
Dopey
40%
Duchess the Cat
40%
Duke
40%
Dale
20%
Danny
20%
Dodger
20%
Doris
20%
Dr Facilier
20%
Drizella Tremaine
20%
Dug
20%
Dallben
0%
Danielle
0%
Darby
0%
Darling
0%
Dash
0%
David Kawena
0%
Demetrius
0%
Denahi
0%
Derek Blunt
0%
DeSoto
0%
Dewey
0%
Dex Barrington
0%
Diablo
0%
Digger the Mole
0%
Dijon the Thief
0%
Dinah the Cat
0%
Dinah the Dachshund
0%
Dinky
0%
Dixie
0%
Dizzie the Vulture
0%
Djali
0%
Doctor Mouse
0%
Doli
0%
Don Karnage
0%
Doofus Drake
0%
Doug Ramses
0%
Drake Mallard
0%
Dr Calico
0%
Dr David Q Dawson
0%
Dr Doppler
0%
Dr Forrester
0%
Dr Jacques von Hamsterviel
0%
Dr Joshua Sweet
0%
Dr Jumba Jookiba
0%
Dr Reginald Bushroot
0%
Duchess the Cow
0%
Duckworth
0%
Duke of Weselton
0%
Duke Weaselton
0%
Duncan
0%
The Director
0%
The Dodo
0%
The Dog Catcher
0%
The Doorknob
0%
The Doorman
0%
The Dormouse
0%

Score Distribution

Percentile by Number Answered

Percent of People with Each Score

Your Score History

You have not taken this quiz